Neógrafos kontemporáneos: Tentatiba bibliográfika
Shranjeno v:
| Glavni avtor: | |
|---|---|
| Format: | Knjiga |
| Jezik: | španščina |
| Izdano: |
Santiago
Imprenta Zerbántes, Bandera 13
1896
|
| Izdaja: | 1a. ed |
| Teme: | |
| Oznake: |
Označite
Brez oznak, prvi označite!
|
MARC
| LEADER | 00000nam a2200000 a 4500 | ||
|---|---|---|---|
| 001 | UCJ4587 | ||
| 003 | CL-VaPUC | ||
| 005 | 20201210140250.0 | ||
| 008 | 070124e18960000CL |||||||||||||||||spa|d | ||
| 999 | |c 320703 |d 320701 | ||
| 040 | |c Pontificia Universidad Católica de Valparaíso | ||
| 082 | 0 | 4 | |a 090 |b KAB |2 21 |
| 100 | |a Cabezón, Carlos |e author |9 508599 | ||
| 245 | 1 | 0 | |a Neógrafos kontemporáneos: Tentatiba bibliográfika |
| 246 | 1 | 0 | |a Neógrafos contemporáneos |
| 250 | |a 1a. ed | ||
| 260 | |a Santiago |b Imprenta Zerbántes, Bandera 13 |c 1896 | ||
| 300 | |a 21 p | ||
| 500 | |a Copia 1, media pasta tafilete, c. 2, rústica. Libro raro por estar escrito siguiendo las normas de la llamada Ortografía Racional que, a fines del siglo 19 y comienzos del 20, impulsaron los llamados Neógrafos; esta corriente no prosperó, quedando sólo como una curiosidad ortográfica | ||
| 583 | |a last modification |c 20070124 00:00:00 |k Rodrigo Vera | ||
| 650 | 7 | |a ORTOGRAFIA RACIONAL |2 CL-VaPUC |9 342450 | |
| 650 | 7 | |a NEOGRAFOS |2 CL-VaPUC |9 342451 | |
| 650 | 7 | |a BIBLIOGRAFIA |2 CL-VaPUC |9 256175 | |
| 650 | 7 | |a LIBRO RARO |2 CL-VaPUC |9 504169 | |
| 852 | |a BIBCUR | ||
| 942 | |c BK |2 ddc | ||
| 945 | |d 20070124 00:00:00 |a rinostro | ||
| 952 | |0 0 |1 0 |4 0 |6 090_000000000000000_KAB_1896 |7 0 |8 X |9 399281 |a FDOBUD |b FDOBUD |d 2019-11-22 |i 1022121 |o 090 KAB 1896 |p 1022121 |r 2019-11-22 |w 2019-11-22 |y BK_X |k BUD | ||
| 952 | |0 0 |1 0 |4 0 |6 090_000000000000000_KAB_1896 |7 0 |8 X |9 399282 |a FDOBUD |b FDOBUD |d 2019-11-22 |i 1022156 |o 090 KAB 1896 |p 1022156 |r 2019-11-22 |w 2019-11-22 |y BK_X |k BUD | ||